|
|
|
|
| LEADER |
00978nam a2200241 i 4500 |
| 001 |
misc47561 |
| 005 |
20201015101146.0 |
| 007 |
tz | |||||||| |
| 008 |
200529s1956 hu o 0|| hun d |
| 040 |
|
|
|a SZTE Miscellanea Repozitórium
|b hun
|
| 041 |
|
|
|a hun
|
| 100 |
1 |
|
|a Laŝčenko Pëtr Nikolaevič
|
| 245 |
1 |
2 |
|a A budapesti szovjet katonai parancsnokság parancsa
|h [elektronikus dokumentum] /
|c Laŝčenko Pëtr Nikolaevič
|
| 260 |
|
|
|a K. n.
|b [Budapest]
|c 1956-11-19
|
| 300 |
|
|
|a 1 fol.
|c 21 x 14,5 cm
|
| 561 |
|
|
|a 1956-os plakátok és szórólapok
|
| 650 |
|
4 |
|a Bölcsészettudományok
|
| 650 |
|
4 |
|a Történettudomány és régészet
|
| 650 |
|
4 |
|a Történettudomány
|
| 650 |
|
4 |
|a Társadalom-, gazdaság-, kultúra- és politikatörténet
|
| 650 |
|
4 |
|a Újkori és jelenkori történelem
|
| 695 |
|
|
|a Magyarország története - 1956 - forrás, Forradalom - Magyarország - 1956
|
| 856 |
4 |
0 |
|u http://misc.bibl.u-szeged.hu/47561/1/MS_1500_003_024.pdf
|z Dokumentum-elérés
|